Setting the Desert on Fire (Record no. 576236)

MARC details
000 -LEADER
fixed length control field 00711nam a2200169Ia 4500
008 - FIXED-LENGTH DATA ELEMENTS--GENERAL INFORMATION
fixed length control field 250718s9999 xx 000 0 und d
020 ## - INTERNATIONAL STANDARD BOOK NUMBER
ISBN 9780747585534
082 ## - DEWEY DECIMAL CLASSIFICATION NUMBER
Classification number 940.415092
Item number BAR
100 ## - MAIN ENTRY--AUTHOR NAME
Personal name Barr, James
245 #0 - TITLE STATEMENT
Title Setting the Desert on Fire
260 ## - PUBLICATION, DISTRIBUTION, ETC. (IMPRINT)
Name of publisher Bloomsbury Paperbacks
Year of publication 2007
300 ## - PHYSICAL DESCRIPTION
Number of Pages 362 pages
500 ## - GENERAL NOTE
General note Greed and intrigue combine explosively in this gripping, masterly account of a key moment in the history of the Middle East, and a portrait of T.E. Lawrence--Lawrence of Arabia himself--that is bright, nuanced, and full of fresh insights into the true nature of the master mythmaker. Photos. Maps.
650 ## - SUBJECT ADDED ENTRY--TOPICAL TERM
Topical Term Arab countries
942 ## - ADDED ENTRY ELEMENTS (KOHA)
Koha item type English Books
Holdings
Withdrawn status Lost status Damaged status Not for loan Home library Current library Shelving location Date acquired Full call number Accession Number Price effective from Koha item type
        Anna Centenary Library Anna Centenary Library 7TH FLOOR, B WING 18.07.2025 940.415092 BAR 383095 18.07.2025 English Books

Find us on the map